Sumario de los reyes de España / (Record no. 131443)

MARC details
000 -LEADER
campo de control de longitud fija 01028nam a2200265 i 4500
001 - NÚMERO DE CONTROL
campo de control 131443
003 - IDENTIFICADOR DE NÚMERO DE CONTROL
campo de control ES-MaACL
005 - FECHA Y HORA DE LA ÚLTIMA TRANSACCIÓN
campo de control 20251012205634.0
007 - CAMPO FIJO DE DESCRIPCIÓN FÍSICA--INFORMACIÓN GENERAL
campo de control de longitud fija t|
008 - DATOS DE LONGITUD FIJA--INFORMACIÓN GENERAL
campo de control de longitud fija 070214r19711781sp h r ||||1| spa d
080 ## - NÚMERO DE LA CLASIFICACIÓN DECIMAL UNIVERSAL
Número de la Clasificación Decimal Universal 946"0718/1492"
100 1# - ENTRADA PRINCIPAL--NOMBRE DE PERSONA
Nombre de persona Rodríguez de Cuenca, Juan.
9 (RLIN) 98446
245 10 - MENCIÓN DEL TÍTULO
Título Sumario de los reyes de España /
Mención de responsabilidad, etc. Juan Rodríguez de Cuenca ; edición preparada por Eugenio de Llaguno Amírola ; índices realizados por Mª de los Desamparados Pérez Boldo.
260 ## - PUBLICACIÓN, DISTRIBUCIÓN, ETC.
Lugar de publicación, distribución, etc. Valencia :
Nombre del editor, distribuidor, etc. Anubar,
Fecha de publicación, distribución, etc. 1971.
300 ## - DESCRIPCIÓN FÍSICA
Extensión VIII, 116 p. ;
Dimensiones 22 cm.
490 1# - MENCIÓN DE SERIE
Mención de serie Textos medievales ;
Designación de volumen o secuencia 25
500 ## - NOTA GENERAL
Nota general Índices.
534 ## - NOTA SOBRE LA VERSIÓN ORIGINAL
Frase introductoria Reimp. facsímil de la ed. de:
Publicación, distribución, etc. del original Madrid : Imp. de Don Antonio de Sancha, 1781.
651 #4 - PUNTO DE ACCESO ADICIONAL DE MATERIA--NOMBRE GEOGRÁFICO
Nombre geográfico España-
Subdivisión general Historia-
Subdivisión cronológica 0711-1492, Reconquista.
9 (RLIN) 8217
700 1# - ENTRADA AGREGADA--NOMBRE PERSONAL
Nombre de persona Llaguno y Amírola, Eugenio,
Fechas asociadas al nombre 1724-1799
9 (RLIN) 72661
700 1# - ENTRADA AGREGADA--NOMBRE PERSONAL
Nombre de persona Pérez Boldo, María de los Desamparados.
9 (RLIN) 90672
830 0# - PUNTO DE ACCESO ADICIONAL DE SERIE-TÍTULO UNIFORME
Título uniforme Textos medievales ;
Designación de volumen o secuencia 25
9 (RLIN) 179970
852 ## - LOCALIZACIÓN
Ubicación ES-MaACL
Número de control de estantería C-45169
Holdings
Estatus retirado Estado de pérdida Estado de daño No para préstamo Biblioteca de origen Biblioteca actual Ubicación en estantería Fecha de adquisición Fuente de adquisición Total de préstamos Signatura topográfica completa Código de barras Visto por última vez Precio de reemplazo Tipo de ítem Koha
        Biblioteca del Ateneo de Madrid Biblioteca del Ateneo de Madrid Depósito 2 17/01/2008     C-45169 1136841 23/02/2023 23/02/2023 Libro impreso